[Event "GRE-chT 50th"]
[Site "Nikaia"]
[Date "2023.08.28"]
[Round "5.5"]
[White "Barbageorgopoulou, Despina"]
[Black "Chrysogelou, Athanasia Panagiota"]
[Result "1/2-1/2"]
[WhiteElo "1716"]
[BlackElo "1949"]
[PlyCount "97"]
[EventDate "2023.08.25"]
[EventType "team"]
[EventRounds "9"]
[EventCountry "GRE"]
[SourceTitle "CBM 216 Extra"]
[Source "ChessBase"]
[SourceDate "2023.11.30"]
[SourceVersion "1"]
[SourceVersionDate "2023.11.30"]
[SourceQuality "1"]
[WhiteTeam "Larisas"]
[BlackTeam "Irakleiou Attikis"]
[WhiteTeamCountry "GRE"]
[BlackTeamCountry "GRE"]

1. Nf3 Nf6 2. b3 e6 3. Bb2 c5 4. c4 b6 5. g3 Bb7 6. Bg2 Be7 7. 0-0 0-0 8. d3 Nc6 9. Nbd2 Qc7 10. e3 Rad8 11. d4 d5 12. Qc2 dxc4 13. Nxc4 cxd4 14. exd4 Nb4 15. Qe2 Be4 16. Rfd1 Qb7 17. a3 Nc6 18. Bf1 a5 19. Ne3 Na7 20. Ne5 Qb8 21. Rac1 b5 22. N3g4 Qb7 23. Nxf6+ Bxf6 24. Rc3 Bd5 25. Ng4 Be7 26. Rdc1 Rc8 27. Rxc8 Rxc8 28. Rxc8+ Qxc8 29. Qd3 Qb7 30. Ne3 Be4 31. Qc3 b4 32. axb4 Bxb4 33. Qc4 Nc8 34. Qb5 Qxb5 35. Bxb5 Nd6 36. Bf1 Bf3 37. Bg2 Bxg2 38. Kxg2 Ne4 39. Nc4 Kf8 40. f3 Nf6 41. Ba3 Nd5 42. Bxb4+ axb4 43. Kf2 Ke7 44. Ke2 f6 45. Kd3 Kd7 46. Nd2 Nb6 47. Nc4 Nd5 48. Nd2 Nb6 49. Nc4 1/2-1/2

[Event "GRE-ch Univ Students online 1st"]
[Site "Tornelo INT"]
[Date "2022.05.28"]
[Round "3"]
[White "Robotis, Nikolaos"]
[Black "Chrysogelou, Athanasia Panagiota"]
[Result "1/2-1/2"]
[WhiteElo "1446"]
[BlackElo "1949"]
[PlyCount "75"]
[EventDate "2022.05.28"]
[EventType "swiss (rapid)"]
[EventRounds "9"]
[EventCountry "GRE"]
[SourceTitle "EXT 2024"]
[Source "ChessBase"]
[SourceDate "2023.10.10"]
[SourceVersion "1"]
[SourceVersionDate "2023.10.10"]
[SourceQuality "1"]

1. e4 c5 2. a3 d6 3. b4 Nc6 4. b5 Ne5 5. f4 Nd7 6. Nf3 Ngf6 7. e5 dxe5 8. fxe5 Nd5 9. e6 fxe6 10. Ng5 N7f6 11. Be2 g6 12. 0-0 Bg7 13. Bb2 Qc7 14. Bc4 0-0 15. Nc3 Bd7 16. Nxd5 exd5 17. Bxf6 Bxf6 18. Bxd5+ Kg7 19. Ne6+ Bxe6 20. Bxe6 Bxa1 21. Qxa1+ Rf6 22. g4 g5 23. h4 Qg3+ 24. Kh1 Qxh4+ 25. Kg2 Kg6 26. Rxf6+ exf6 27. Qc3 Qh6 28. Qxc5 Qf8 29. Qf2 Rd8 30. Qf5+ Kg7 31. d3 b6 32. Bd5 Qd6 33. Be4 Rh8 34. c4 Qd4 35. Kf3 Qd6 36. Kg2 Qd4 37. Kf3 Qd6 38. Kg2 1/2-1/2

[Event "GRE-chT 48th"]
[Site "Athens"]
[Date "2021.09.07"]
[Round "1.3"]
[White "Chrysogelou, Athanasia Panagiota"]
[Black "Zarkada, Athina"]
[Result "1-0"]
[WhiteElo "1945"]
[BlackElo "1149"]
[PlyCount "47"]
[EventDate "2021.09.07"]
[EventType "team-swiss"]
[EventRounds "7"]
[EventCountry "GRE"]
[SourceTitle "CBM 204 Extra"]
[Source "ChessBase"]
[SourceDate "2021.11.30"]
[SourceVersion "1"]
[SourceVersionDate "2021.11.30"]
[SourceQuality "1"]
[WhiteTeam "Epyk Irakliou Attykis"]
[BlackTeam "Kallytheas"]
[WhiteTeamCountry "GRE"]
[BlackTeamCountry "GRE"]

1. d4 d5 2. c4 e6 3. Nf3 Be7 4. e3 Nf6 5. Nbd2 0-0 6. Bd3 dxc4 7. Nxc4 Nbd7 8. 0-0 b6 9. Qc2 h6 10. Rd1 Kh8 11. Nce5 c5 12. dxc5 Bxc5 13. Bb5 Qc7 14. Nxd7 Bxd7 15. Bxd7 Nxd7 16. b4 Rac8 17. bxc5 Rfd8 18. c6 Nb8 19. Bb2 Nxc6 20. Rxd8+ Rxd8 21. Nd4 Rxd4 22. Bxd4 Qb7 23. Rc1 Ne7 24. Qc7 1-0

[Event "EU-ch Online U18 Girls"]
[Site "Tornelo INT"]
[Date "2020.09.20"]
[Round "7"]
[White "Hercog, Nusa"]
[Black "Chrysogelou, Athanasia Panagiota"]
[Result "1-0"]
[WhiteElo "2042"]
[BlackElo "1957"]
[PlyCount "81"]
[EventDate "2020.09.18"]
[EventType "swiss (rapid)"]
[EventRounds "9"]
[EventCountry "ENG"]
[SourceTitle "CBM 198 Extra"]
[Source "ChessBase"]
[SourceDate "2020.11.30"]
[SourceVersion "1"]
[SourceVersionDate "2020.11.30"]
[SourceQuality "1"]

1. d4 Nf6 2. c4 e6 3. Nf3 b6 4. a3 Ba6 5. Qc2 Bb7 6. Nc3 c5 7. e4 cxd4 8. Nxd4 Bc5 9. Nb3 Nc6 10. Bd3 0-0 11. 0-0 Ne5 12. Nxc5 bxc5 13. Be2 Qe7 14. Bg5 h6 15. Bh4 d6 16. Rad1 Rfd8 17. f4 Ng6 18. Bg3 Bc6 19. Bf3 Qb7 20. f5 exf5 21. exf5 Ne5 22. Bxc6 Qxc6 23. Bh4 Neg4 24. Nd5 Re8 25. h3 Ne3 26. Nxe3 Rxe3 27. Bxf6 gxf6 28. Qd2 Rg3 29. Qf2 Rg5 30. Rd5 Kh7 31. Qd2 Rag8 32. Rf2 Rd8 33. Kh2 Qd7 34. Rf3 Rdg8 35. Rf2 Rd8 36. Qd3 Qe7 37. Re2 Qc7 38. Qc3 Kg7 39. Qd3 Kh7 40. Qd2 Qd7 41. Qd3 1-0

[Event "EU-ch Online U18 Girls"]
[Site "Tornelo INT"]
[Date "2020.09.18"]
[Round "1"]
[White "Beydullayeva, Govhar"]
[Black "Chrysogelou, Athanasia Panagiota"]
[Result "1/2-1/2"]
[WhiteElo "2263"]
[BlackElo "1957"]
[PlyCount "81"]
[EventDate "2020.09.18"]
[EventType "swiss (rapid)"]
[EventRounds "9"]
[EventCountry "ENG"]
[SourceTitle "CBM 198 Extra"]
[Source "ChessBase"]
[SourceDate "2020.11.30"]
[SourceVersion "1"]
[SourceVersionDate "2020.11.30"]
[SourceQuality "1"]

1. Nf3 Nf6 2. c4 c5 3. Nc3 Nc6 4. d4 cxd4 5. Nxd4 e6 6. a3 Bc5 7. Nb3 Be7 8. e4 0-0 9. Be2 b6 10. 0-0 Bb7 11. Be3 Rc8 12. f4 d6 13. Nd2 d5 14. cxd5 exd5 15. exd5 Nxd5 16. Nxd5 Qxd5 17. Bc4 Qf5 18. Qe2 Rfd8 19. Rac1 Bf6 20. Nf3 Re8 21. Qf2 Na5 22. Ba2 Ba6 23. Rfe1 Bc4 24. b4 Bxa2 25. bxa5 Rxc1 26. Rxc1 bxa5 27. Qxa2 Rxe3 28. Rc7 Re7 29. Qc2 g6 30. Qxf5 gxf5 31. Rxe7 Bxe7 32. a4 Bc5+ 33. Kf1 Be3 34. g3 Kg7 35. Ke2 Bc5 36. Kd3 Kf6 37. Kc4 Bb6 38. Kd5 Be3 39. Kd6 Bb6 40. Kd5 Be3 41. Kd6 1/2-1/2

[Event "EU-ch Online U18 Girls"]
[Site "Tornelo INT"]
[Date "2020.09.18"]
[Round "2"]
[White "Chrysogelou, Athanasia Panagiota"]
[Black "Hovhannisyan, Mane"]
[Result "1/2-1/2"]
[WhiteElo "1957"]
[BlackElo "1817"]
[PlyCount "81"]
[EventDate "2020.09.18"]
[EventType "swiss (rapid)"]
[EventRounds "9"]
[EventCountry "ENG"]
[SourceTitle "CBM 198 Extra"]
[Source "ChessBase"]
[SourceDate "2020.11.30"]
[SourceVersion "1"]
[SourceVersionDate "2020.11.30"]
[SourceQuality "1"]

1. d4 d5 2. c4 c6 3. Nf3 e6 4. e3 Nf6 5. Nbd2 Be7 6. Qc2 0-0 7. Bd3 Nbd7 8. 0-0 Re8 9. Re1 Nf8 10. b3 b6 11. Bb2 Bb7 12. Rad1 c5 13. e4 dxe4 14. Nxe4 Qc8 15. dxc5 Nxe4 16. Bxe4 Bxc5 17. Ng5 Ng6 18. Qc3 e5 19. Qf3 Re7 20. Qh5 h6 21. Bxb7 Qxb7 22. Ne4 Nf4 23. Qg4 Bb4 24. Nf6+ Kh8 25. Rxe5 Ng6 26. Rxe7 Bxe7 27. Nh5 Bf8 28. Qd4 f6 29. Qd3 Nh4 30. Qg3 Qe4 31. Nf4 Qc2 32. Re1 Qxb2 33. Qxh4 Qd2 34. Ng6+ Kg8 35. Qe4 Rd8 36. h3 Bc5 37. Ne7+ Kh8 38. Ng6+ Kg8 39. Ne7+ Kh8 40. Ng6+ Kg8 41. Ne7+ 1/2-1/2

[Event "EU-ch Online U18 Girls"]
[Site "Tornelo INT"]
[Date "2020.09.18"]
[Round "3"]
[White "Kostina, Veronika"]
[Black "Chrysogelou, Athanasia Panagiota"]
[Result "1-0"]
[WhiteElo "1801"]
[BlackElo "1957"]
[PlyCount "63"]
[EventDate "2020.09.18"]
[EventType "swiss (rapid)"]
[EventRounds "9"]
[EventCountry "ENG"]
[SourceTitle "CBM 198 Extra"]
[Source "ChessBase"]
[SourceDate "2020.11.30"]
[SourceVersion "1"]
[SourceVersionDate "2020.11.30"]
[SourceQuality "1"]

1. Nf3 Nf6 2. e3 e6 3. c4 c5 4. b3 Nc6 5. Bb2 Be7 6. Be2 0-0 7. 0-0 d5 8. cxd5 Nxd5 9. d3 Bf6 10. Qd2 Ndb4 11. Nc3 b6 12. Rfd1 Ba6 13. a3 Nd5 14. Nxd5 exd5 15. d4 Bxe2 16. Qxe2 Na5 17. dxc5 Nxb3 18. Bxf6 Qxf6 19. Rab1 Nxc5 20. Rxd5 Na4 21. Qd3 Rac8 22. Rd6 Qc3 23. h3 Qc5 24. Rb4 Nb2 25. Qd4 Nc4 26. Qxc5 Rxc5 27. Rd3 g6 28. Nd4 Rfc8 29. Nb5 Ne5 30. Rd1 Nc6 31. Rb2 Rc3 32. Nxc3 1-0

[Event "EU-ch U18 Girls"]
[Site "Bratislava"]
[Date "2019.08.07"]
[Round "6"]
[White "Gajcin, Marina"]
[Black "Chrysogelou, Athanasia Panagiota"]
[Result "1-0"]
[WhiteElo "2267"]
[BlackElo "1907"]
[PlyCount "77"]
[EventDate "2019.08.02"]
[EventType "swiss"]
[EventRounds "9"]
[EventCountry "SVK"]
[SourceTitle "CBM 191 Extra"]
[Source "ChessBase"]
[SourceDate "2019.09.30"]
[SourceVersion "1"]
[SourceVersionDate "2019.09.30"]
[SourceQuality "1"]

1. e4 c5 2. Nf3 e6 3. c3 Nf6 4. Bd3 Nc6 5. 0-0 Be7 6. Bc2 0-0 7. Re1 Qc7 8. d4 cxd4 9. cxd4 Nb4 10. Bb3 d6 11. a3 Nc6 12. Nc3 e5 13. d5 Na5 14. Ba2 b6 15. h3 Nb7 16. Be3 Nc5 17. Rc1 Qd8 18. Bb1 Bd7 19. b4 Nb7 20. Qb3 h6 21. Bd3 a6 22. Na4 b5 23. Nb6 Rb8 24. Nxd7 Qxd7 25. Rc6 Ra8 26. Rec1 Ne8 27. Qc2 Bd8 28. Nd2 Bg5 29. Bxg5 hxg5 30. Be2 g6 31. Qd3 Nd8 32. R6c3 f5 33. Qe3 Qe7 34. Qb6 Rf7 35. Rc8 Rxc8 36. Rxc8 Nb7 37. Qxa6 Qd7 38. Qc6 Kf8 39. Bxb5 1-0

[Event "EU-ch U18 Girls"]
[Site "Bratislava"]
[Date "2019.08.04"]
[Round "3"]
[White "Chrysogelou, Athanasia Panagiota"]
[Black "Rudzinska, Michalina"]
[Result "1-0"]
[WhiteElo "1907"]
[BlackElo "2074"]
[PlyCount "71"]
[EventDate "2019.08.02"]
[EventType "swiss"]
[EventRounds "9"]
[EventCountry "SVK"]
[SourceTitle "CBM 191 Extra"]
[Source "ChessBase"]
[SourceDate "2019.09.30"]
[SourceVersion "1"]
[SourceVersionDate "2019.09.30"]
[SourceQuality "1"]

1. d4 Nf6 2. c4 e6 3. Nf3 c5 4. d5 exd5 5. cxd5 d6 6. Nc3 g6 7. e4 Bg7 8. Bg5 0-0 9. Nd2 h6 10. Bf4 a6 11. a4 Qe7 12. Be2 Nbd7 13. 0-0 Ne8 14. Nc4 Rb8 15. Qc2 b6 16. Rae1 Kh7 17. Bg3 Ne5 18. f4 Nxc4 19. Bxc4 b5 20. axb5 axb5 21. Nxb5 Ba6 22. Nxd6 Rxb2 23. Qd3 Nxd6 24. Bxa6 Rfb8 25. e5 R8b3 26. Qd1 c4 27. Bf2 c3 28. exd6 Qxd6 29. Bd3 Ra3 30. f5 Rd2 31. fxg6+ fxg6 32. Qf3 c2 33. Bxg6+ Qxg6 34. Qxa3 Rxd5 35. Rc1 Rb5 36. Qa4 1-0

[Event "GRE-chT 47th"]
[Site "Patras"]
[Date "2019.07.05"]
[Round "6.2"]
[White "Mihailidou, Magdalini"]
[Black "Chrysogelou, Athanasia Panagiota"]
[Result "0-1"]
[WhiteElo "1810"]
[BlackElo "1770"]
[PlyCount "138"]
[EventDate "2019.07.02"]
[EventType "team-swiss"]
[EventRounds "7"]
[EventCountry "GRE"]
[SourceTitle "CBM 191 Extra"]
[Source "ChessBase"]
[SourceDate "2019.09.30"]
[SourceVersion "1"]
[SourceVersionDate "2019.09.30"]
[SourceQuality "1"]
[WhiteTeam "Kavalas"]
[BlackTeam "Purchases of New Crystal"]
[WhiteTeamCountry "GRE"]
[BlackTeamCountry "GRE"]

1. e4 c5 2. Nf3 d6 3. d4 cxd4 4. Nxd4 Nf6 5. Nc3 a6 6. Bc4 e6 7. Bb3 b5 8. Qf3 Bb7 9. a3 Nbd7 10. Bg5 Qb6 11. Rd1 Be7 12. Qe2 Nc5 13. f3 0-0 14. Be3 Qc7 15. 0-0 Nxb3 16. cxb3 d5 17. Rc1 Qd6 18. exd5 Nxd5 19. Nxd5 Bxd5 20. Rfd1 Rac8 21. Qd3 Qb8 22. a4 bxa4 23. bxa4 Bd6 24. h3 Rxc1 25. Rxc1 Qxb2 26. Qxa6 Bf4 27. Qd3 Bxe3+ 28. Qxe3 Qb4 29. Ra1 Ra8 30. Nc2 Qb3 31. Qc5 g6 32. Ra3 Qb7 33. a5 Rc8 34. Qf2 Qb1+ 35. Ne1 Rc1 36. Re3 Qb5 37. Qd2 Ra1 38. Rc3 Qxa5 39. Rc8+ Kg7 40. Qd4+ f6 41. Rc7+ Kg8 42. Rc8+ Kf7 43. Rc7+ Ke8 44. Qxf6 Rxe1+ 45. Kf2 Qxc7 46. Qh8+ Kd7 47. Qxh7+ Kd6 48. Qxc7+ Kxc7 49. Kxe1 Kd6 50. Kf2 Ke5 51. Ke3 g5 52. g3 Kf5 53. f4 gxf4+ 54. gxf4 Bg2 55. h4 Kg4 56. h5 Kxh5 57. Kd4 Bh3 58. Ke4 Kg4 59. Ke3 Bg2 60. Kf2 Bd5 61. Ke3 Kf5 62. Ke2 Kxf4 63. Kf2 e5 64. Ke2 Bf3+ 65. Kf2 e4 66. Kf1 Ke3 67. Ke1 Kd3 68. Kf2 Kd2 69. Kf1 e3 0-1

[Event "GRE-ch U20 Girls"]
[Site "Trikala"]
[Date "2019.05.05"]
[Round "6"]
[White "Chrysogelou, Athanasia Panagiota"]
[Black "Stratigi, Evangelia"]
[Result "1-0"]
[WhiteElo "1752"]
[BlackElo "1626"]
[PlyCount "105"]
[EventDate "2019.04.30"]
[EventType "swiss"]
[EventRounds "7"]
[EventCountry "GRE"]
[SourceTitle "CBM 190 Extra"]
[Source "ChessBase"]
[SourceDate "2019.07.15"]
[SourceVersion "1"]
[SourceVersionDate "2019.07.15"]
[SourceQuality "1"]

1. d4 Nf6 2. c4 e6 3. g3 c5 4. d5 exd5 5. cxd5 b5 6. Bg2 d6 7. e4 Nbd7 8. Ne2 g6 9. 0-0 Bg7 10. Qd3 Ba6 11. Bg5 0-0 12. a3 Qb6 13. Qc2 Rac8 14. Nd2 Rfe8 15. Rfe1 Ne5 16. Bf4 Nfg4 17. h3 Nf6 18. Nc1 Nfd7 19. Be3 Qc7 20. Rb1 Nb6 21. b3 Qb7 22. f4 Ned7 23. Bf2 c4 24. bxc4 Nxc4 25. Nxc4 Rxc4 26. Qxc4 bxc4 27. Rxb7 Bxb7 28. Ne2 a5 29. Bf3 Ba6 30. Nd4 Rb8 31. Kg2 Rb2 32. Nc6 Rb3 33. Re3 c3 34. Re1 Rxa3 35. e5 c2 36. e6 fxe6 37. dxe6 Nf6 38. e7 Kf7 39. Bd4 Ke8 40. Nxa5 Bb5 41. Nb7 Ra2 42. Kh1 Ra6 43. Nd8 d5 44. g4 Bd3 45. g5 Nh5 46. Bxd5 Ng3+ 47. Kg2 Ne2 48. Rxe2 Bxe2 49. Bc5 Bf1+ 50. Kh2 Kd7 51. Bf7 c1Q 52. e8Q+ Kc7 53. Qe7+ 1-0

[Event "GRE-ch U20 Girls"]
[Site "Trikala"]
[Date "2019.05.03"]
[Round "4"]
[White "Chrysogelou, Athanasia Panagiota"]
[Black "Mihailidou, Magdalini"]
[Result "0-1"]
[WhiteElo "1752"]
[BlackElo "1797"]
[PlyCount "68"]
[EventDate "2019.04.30"]
[EventType "swiss"]
[EventRounds "7"]
[EventCountry "GRE"]
[SourceTitle "CBM 190 Extra"]
[Source "ChessBase"]
[SourceDate "2019.07.15"]
[SourceVersion "1"]
[SourceVersionDate "2019.07.15"]
[SourceQuality "1"]

1. d4 Nf6 2. c4 e6 3. g3 d5 4. Nf3 Bb4+ 5. Nbd2 dxc4 6. Qc2 b5 7. a4 c6 8. Bg2 Bb7 9. 0-0 a6 10. Rd1 c5 11. dxc5 Qc7 12. Nd4 Bxg2 13. Kxg2 Bxc5 14. N2f3 Nc6 15. axb5 Nxd4 16. Nxd4 Bxd4 17. Rxd4 Qb7+ 18. f3 axb5 19. Rxa8+ Qxa8 20. b3 e5 21. Rd1 0-0 22. bxc4 Qc6 23. c5 Rc8 24. Be3 h6 25. Qf5 Qe6 26. Qxe6 fxe6 27. Rd6 Kf7 28. Bf2 Nd5 29. e4 Nc3 30. c6 b4 31. Rd7+ Kf6 32. Bc5 b3 33. Be7+ Kg6 34. Rb7 Nd1 0-1

[Event "Athens Siaperas Memorial 15th"]
[Site "Athens"]
[Date "2019.01.26"]
[Round "3"]
[White "Chrysogelou, Athanasia Panagiota"]
[Black "Vazelakis, Dimitrios"]
[Result "0-1"]
[WhiteElo "1741"]
[BlackElo "1920"]
[PlyCount "76"]
[EventDate "2019.01.12"]
[EventType "swiss"]
[EventRounds "7"]
[EventCountry "GRE"]
[SourceTitle "EXT 2020"]
[Source "ChessBase"]
[SourceDate "2019.10.17"]
[SourceVersion "1"]
[SourceVersionDate "2019.10.17"]
[SourceQuality "1"]

1. d4 g6 2. c4 Bg7 3. Nc3 Nf6 4. e4 d6 5. f3 0-0 6. Nge2 a6 7. Be3 Nbd7 8. Qd2 c5 9. Rd1 b6 10. Nc1 cxd4 11. Bxd4 Bb7 12. Be2 Rc8 13. 0-0 Qc7 14. Kh1 Rfd8 15. b3 e6 16. Na4 Nc5 17. Nb2 d5 18. e5 Ne8 19. Qe3 dxc4 20. Nxc4 Bd5 21. Nb2 b5 22. Bd3 Nxd3 23. Ncxd3 Qb8 24. Ba7 Qa8 25. Bb6 Nc7 26. Rc1 Qb7 27. Ba5 Re8 28. Nb4 Bf8 29. N2d3 Na8 30. Rfd1 Rxc1 31. Rxc1 Rc8 32. Rxc8 Qxc8 33. Qc1 Qxc1+ 34. Nxc1 Bc5 35. Nbd3 Bd4 36. Nb4 Bb7 37. f4 Be3 38. Ncd3 Nb6 0-1

[Event "World ol U16"]
[Site "Konya"]
[Date "2018.11.25"]
[Round "1.7"]
[White "Bekasovs, Rihards"]
[Black "Chrysogelou, Athanasia Panagiota"]
[Result "1-0"]
[WhiteElo "2182"]
[BlackElo "1729"]
[PlyCount "71"]
[EventDate "2018.11.25"]
[EventType "team-swiss"]
[EventRounds "9"]
[EventCountry "TUR"]
[SourceTitle "CBM 187 Extra"]
[Source "ChessBase"]
[SourceDate "2018.11.04"]
[SourceVersion "1"]
[SourceVersionDate "2018.11.04"]
[SourceQuality "1"]
[WhiteTeam "Latvia"]
[BlackTeam "Greece"]
[WhiteTeamCountry "LAT"]
[BlackTeamCountry "GRE"]

1. Nf3 Nf6 2. c4 c5 3. Nc3 Nc6 4. g3 d5 5. cxd5 Nxd5 6. Bg2 Nc7 7. 0-0 e5 8. d3 Be7 9. Ne1 0-0 10. Bxc6 bxc6 11. Nc2 Bh3 12. Re1 Nd5 13. Ne3 Qd7 14. Qa4 Nxc3 15. bxc3 Rab8 16. Ba3 Rb5 17. Nc4 Qd5 18. f3 Ra8 19. Bc1 Be6 20. Be3 f5 21. Nd2 Qd7 22. c4 Rbb8 23. Qa5 Qd6 24. Rab1 Rxb1 25. Rxb1 Bc8 26. Nb3 f4 27. Bxc5 Qd7 28. Bxe7 Qxe7 29. Qc5 Qc7 30. Nd2 Bd7 31. Ne4 Rb8 32. Rxb8+ Qxb8 33. Kf2 Kf7 34. gxf4 exf4 35. d4 Qb7 36. Nd6+ 1-0